000 01561nam a22002897a 4500
005 20170904165001.0
010 _aB-382732-753
020 _a9788126317424
_c450.00
035 _aB-382732-753
035 _aB-422616
037 _bभारतीय ज्ञानपीठ/ PUB
082 _a
100 _aसावन्त, शिवाजी
245 _aमृत्युंजय /
_cशिवाजी सावान्त; ओम शिवराज द्वारा अनुदित
246 _aMritunjaya
_bby Shivaji Savant
250 _a37वाँ संस्क.
260 _aनई दिल्ली
_bभारतीय ज्ञानपीठ
_c2010
270 _a18, इन्स्टीट्यूशनल एरिया, लोदी रोड
_bनई दिल्ली
_e110003
300 8 _a700पृ.
_b22सेमी(सजिल्द)
490 _aराष्ट्रभारती / लोकोदय ग्रन्थमाला : ग्रन्थांक 363
500 _aमूर्तिदेवी पुरस्कार से सम्मानित कृति
520 _aAW
700 _924521
_aओम शिवराज
942 _2ddc
_cHN
_h
_mसावन्त
999 _c48962
_d48962